| 000 | 02334nam0a2200397 4500 | ||
|---|---|---|---|
| 001 | RU\NLR\BIBL_A\022300729 | ||
| 005 | 20260621063407.0 | ||
| 010 |
_a978-5-17-159102-1 _93000 |
||
| 021 |
_aRU _bКН-П-24-038401 _9КН-П-24-3835 |
||
| 035 | _a(NLR Aleph) 022300729 | ||
| 090 |
_a13538127 _c13538127 |
||
| 100 | _a20240815d2024 u y0rusy50 ca | ||
| 101 | 1 |
_arus _ceng |
|
| 102 | _aRU | ||
| 105 | _ay z 000zy | ||
| 181 | 0 |
_ai4 _baxxe |
|
| 182 | 0 | _an | |
| 200 | 1 |
_aИскусство влиять на людей и зарабатывать деньги _e4 легендарные книги под одной обложкой _fДейл Карнеги, Наполеон Хилл, Эрл Найтингейл _g[перевод с английского: Полищук В., Лоза О.] |
|
| 203 |
_aТекст _bвизуальный _cнепосредственный |
||
| 210 |
_aМосква _cАСТ, Прайм _d2024 |
||
| 215 |
_a549 с. _d22 |
||
| 225 | 1 | _aПсихология. Полный курс | |
| 320 | _aБиблиогр. в тексте и в подстроч. примеч. | ||
| 327 | 1 | _aСодерж.: Искусство завоевывать друзей, оказывать влияние на людей, эффективно общаться и расти как личность; Как влиять на людей и выработать уверенность в себе, выступая публично / Дейл Карнеги. Самый удивительный секрет / Эрл Найтингейл. Думай и богатей / Наполеон Хилл | |
| 333 | _a16+ | ||
| 606 | 1 |
_aОбщение (социол.) _jПопулярные издания _91209654 _3RU\NLR\AUTH\66490938 |
|
| 606 | 1 |
_aУспех _jПопулярные издания _xСоциально-психологические исследования _92074287 _3RU\NLR\AUTH\661249276 |
|
| 686 | 1 | _aС550.353я9 | |
| 686 | 1 | _aС550.354я9 | |
| 700 | 1 |
_8rus _7ca _aКарнеги _bД. _f1888-1955 _gДейл _3RU\NLR\AUTH\779688 _9119500 |
|
| 701 | 1 |
_7ca _8rus _aХилл _bН. _f1883-1970 _gНаполеон _9110612 _3RU\NLR\AUTH\77565 |
|
| 701 | 1 |
_aНайтингейл _bЭ. _f1921-1989 _gЭрл |
|
| 942 | _cBOOK | ||
| 980 | _aNB | ||